| 000 | 01143pam a22003254a 4500 | ||
|---|---|---|---|
| 001 | 2007 | ||
| 003 | FISKH | ||
| 005 | 20240704134737.0 | ||
| 008 | 040204s2005 nyua j 000 0 eng | ||
| 010 | _a 2004002473 | ||
| 020 | _a0439866669 | ||
| 020 | _a9780439866668 | ||
| 035 | _a(OCoLC)ocm54392601 | ||
| 040 |
_aDLC _cDLC _dIG# _dXY4 _dOCO _dDLC _beng |
||
| 050 | 0 | 0 |
_aQL737.C4 _bT45 2005 |
| 082 | 0 | 0 |
_a599.5 _222 |
| 100 | 1 | _aThomson, Sarah L. | |
| 245 | 1 | 0 |
_aAmazing whales! / _cwritten by Sarah L. Thomson ; photographs provided by the Wildlife Conservation Society. |
| 250 | _aFirst Scholastic printing, April 2006 | ||
| 260 |
_aNew York : _bScholastic, _c2005 |
||
| 300 |
_a32 unnumbered pages : _bcolor illustrations ; _c22 cm |
||
| 440 | 3 | _aAn I can read book | |
| 505 | _aM | ||
| 520 | _aProvides information about whales, describing their size, how they breathe, how they catch their food, their behaviors, and efforts to protect them. | ||
| 521 | 8 |
_a550
_bLexile |
|
| 521 | 8 |
_aM
_bRaz-Plus |
|
| 650 | 0 |
_aWhales _vJuvenile literature. |
|
| 906 |
_a7 _bcbc _corignew _d1 _eecip _f20 _gy-gencatlg |
||
| 942 |
_2ddc _cBK _n0 |
||
| 999 |
_c2007 _d2007 |
||